00377nam a2200145Ia 4500008004100000041000800041082001500049100002700064245003500091260003900126300001700165365000700182650002300189650001900212210719s1897 xx 000 0 und d aeng a821.8 TENW aTENNYSON (Alfred Lord) aWorks of Alfred Lord Tennyson. aLondonbMacmillan & Co. Ltd.c1897 aviii,900bHB cRs aEnglish Literature aEnglish Poetry